书目信息 |
| 题名: |
与儿童对话
|
|
| 作者: | 马修斯 著 ;陈鸿铭 译 | |
| 分册: | ||
| 出版信息: | 北京 生活·读书·新知三联书店 2020.9 |
|
| 页数: | 147页 | |
| 开本: | 21cm | |
| 丛书名: | ||
| 单 册: | ||
| 中图分类: | G61 | |
| 科图分类: | ||
| 主题词: | 儿童教育--教育哲学 | |
| 电子资源: | ||
| ISBN: | 978-7-108-06901-6 | |
| 000 | 01721nam0 2200313 45 | |
| 001 | 012001001981 | |
| 005 | 20210922165425.50 | |
| 010 | @a978-7-108-06901-6@dCNY39.00 | |
| 100 | @a20201020d2020 em y0chiy0110 ea | |
| 101 | 1 | @achi@ceng |
| 102 | @aCN@b110000 | |
| 105 | @ay z 000yy | |
| 106 | @ar | |
| 200 | 1 | @a与儿童对话@Ayu er tong dui hua@e新版@f加雷斯·B. 马修斯著@g陈鸿铭译 |
| 205 | @a2版 | |
| 210 | @a北京@c生活·读书·新知三联书店@d2020.9 | |
| 215 | @a147页@d21cm | |
| 300 | @a马修斯儿童哲学三部曲 2 | |
| 300 | @a并列题名:Dialogues with children | |
| 312 | @a封面题英文题名:Dialogues with children | |
| 314 | @a加雷斯·B.马修斯(Gareth B. Matthews,1929—2011)美国当代哲学家,儿童哲学的开创者及先锋人物,与“儿童哲学之父”李普曼齐名。他既通哲学,又懂孩子,潜心于儿童哲学的思考、写作和教学,常在国内外进行演讲,曾在澳大利亚、德国、日本、挪威、以色列等国家的小学校主持哲学讨论课。强调儿童有自己的哲学,成人不应把孩子看作“未成年人”,而应平等待之,甚至视之为“成人之父”。这种理念有助于了解儿童的精神世界,培养他们的哲学思维,保护他们的天真和好奇。著有儿童哲学三部曲——《哲学与幼童》《与儿童对话》《童年哲学》,已被翻译成德、法、日等十余种语言出版。 | |
| 330 | @a本书记录了一位老师与八个小学生之间的十一次课堂对话。对话的主题有“植物会不会快乐”、“奶酪是草做的吗”、“时光旅行到底可不可能”等等。每次讨论均以一小段原创故事做引子,激发孩子的兴趣,其实就是用故事启发儿童的思维,孩子们在不知不觉中学会了倾听、思考和表达。 | |
| 510 | 1 | @aDialogues with children@zeng |
| 606 | 0 | @a儿童教育@x教育哲学 |
| 690 | @aG61@v5 | |
| 701 | 0 | @c(美)@a马修斯@Ama xiu si@c(Matthwes, Gareth B.@f1929-2011)@4著 |
| 702 | 0 | @a陈鸿铭@Achen hong ming@4译 |
| 801 | @aCN@bAHXH@c20210922 | |
| 905 | @b1249888-92@dG61@e1897=2@f5 | |
| 与儿童对话:新版/加雷斯·B. 马修斯著/陈鸿铭译.-2版.-北京:生活·读书·新知三联书店,2020.9 |
| 147页;21cm |
| 马修斯儿童哲学三部曲 2.-并列题名:Dialogues with children |
| ISBN 978-7-108-06901-6:CNY39.00 |
| 本书记录了一位老师与八个小学生之间的十一次课堂对话。对话的主题有“植物会不会快乐”、“奶酪是草做的吗”、“时光旅行到底可不可能”等等。每次讨论均以一小段原创故事做引子,激发孩子的兴趣,其实就是用故事启发儿童的思维,孩子们在不知不觉中学会了倾听、思考和表达。 |
| ● |
| 相关链接 |
|
|
|
|
正题名:与儿童对话
索取号:G61/1897=2
 
预约/预借
| 序号 | 登录号 | 条形码 | 馆藏地/架位号 | 状态 | 备注 |
| 1 | 1249888 | 212498885 | 第一样本阅览室/ [索取号:G61/1897=2] | 在馆 | |
| 2 | 1249889 | 212498894 | 教育系资料室/ [索取号:G61/1897=2] | 在馆 | |
| 3 | 1249890 | 212498901 | 教育系资料室/ [索取号:G61/1897=2] | 在馆 | |
| 4 | 1249891 | 212498910 | 第四借阅区/ [索取号:G61/1897=2] | 在馆 | |
| 5 | 1249892 | 212498929 | 第四借阅区/ [索取号:G61/1897=2] | 在馆 |